[Event "ch-FRA Blitz Online Qual"]
[Site "Europe-Chess INT"]
[Date "2020.05.16"]
[Round "3"]
[White "Cleran, Anthony"]
[Black "Sithisak, William"]
[Result "1-0"]
[WhiteElo "1933"]
[BlackElo "1692"]
[WhiteFideId "626066"]
[BlackFideId "45120749"]
[EventDate "2020.05.16"]

1. e4 c5 2. Nc3 Nc6 3. f4 g6 4. Nf3 Bg7 5. Bb5 e6 6. Bxc6 dxc6 7. d3 Ne7 8. O-O
O-O 9. Qe2 Qc7 10. Kh1 Re8 11. Bd2 Bd7 12. Rae1 Nc8 13. b3 Nb6 14. Nd1 Bc8 15.
c4 Nd7 16. Ng5 h6 17. Nf3 Ne5 18. fxe5 Kh7 19. Ne3 b6 20. Ng4 Qe7 21. Qf2 h5 22.
Nf6+ Bxf6 23. exf6 Qf8 24. e5 Bb7 25. Ng5+ Kg8 26. Qh4 b5 27. Rf3 bxc4 28. dxc4
Rad8 29. Bc1 Rd4 30. Rf4 Red8 31. h3 Rd1 32. Rff1 R1d4 33. Qf2 Qe8 34. Nf3 Rd3
35. Qe2 Qd7 36. Be3 a5 37. Bxc5 a4 38. Bd6 Rxf3 39. Qxf3 c5 40. Qe2 axb3 41.
axb3 Qc6 42. Rf3 Ra8 43. Rg3 Ra3 44. Qd2 Ra8 45. Qh6 Qxg2+ 46. Rxg2 Bxg2+ 47.
Kxg2 Ra2+ 48. Kg3 Rg2+ 49. Kxg2 h4 50. Qg7# 1-0

[Event "ch-FRA Blitz Online Qual"]
[Site "Europe-Chess INT"]
[Date "2020.05.16"]
[Round "3"]
[White "Gherghinoiu, Lucas"]
[Black "Menjra, Yanis"]
[Result "1-0"]
[WhiteElo "2089"]
[BlackElo "1489"]
[WhiteFideId "36051462"]
[BlackFideId "45155500"]
[EventDate "2020.05.16"]

1. e4 e5 2. Nf3 Nc6 3. Bc4 Bc5 4. d3 Nf6 5. Bb3 d6 6. c3 a6 7. O-O h6 8. Nbd2
Ba7 9. Re1 O-O 10. Nf1 Nh5 11. Be3 Nf4 12. Bxf4 exf4 13. d4 Qf6 14. h3 Bd7 15.
Qd2 Rae8 16. Rad1 Qg6 17. Kh1 Kh8 18. Qxf4 f5 19. exf5 Bxf5 20. Rxe8 Qxe8 21.
Re1 Qd7 22. Ng3 Qc8 23. Nxf5 Rxf5 24. Qg3 Rf8 25. Nh4 Re8 26. Re3 Rxe3 27. fxe3
Ne7 28. Bc2 Qe6 29. Qf4 g5 30. Qf8+ Ng8 31. Ng6+ Kh7 32. Nf4+ Kh8 33. Nxe6 1-0

[Event "ch-FRA Blitz Online Qual"]
[Site "Europe-Chess INT"]
[Date "2020.05.16"]
[Round "3"]
[White "Briand, Amaury"]
[Black "Vernadet, Jacques"]
[Result "1-0"]
[WhiteElo "1929"]
[BlackElo "1600"]
[WhiteFideId "36054968"]
[BlackFideId "665169"]
[EventDate "2020.05.16"]

1. e4 c5 2. Nf3 Nc6 3. d4 cxd4 4. Nxd4 Nf6 5. Nc3 e6 6. Be3 Be7 7. f3 O-O 8. Qd2
a6 9. g4 b5 10. O-O-O b4 11. Nb1 d5 12. Nxc6 Qc7 13. Nxe7+ Qxe7 14. e5 Nd7 15.
h4 Nxe5 16. Qf2 Bb7 17. Bc5 Qc7 18. Bxf8 Rxf8 19. Bd3 f5 20. gxf5 exf5 21. Rhg1
Rc8 22. Bxf5 Rf8 23. Be6+ Kh8 24. Bxd5 Bxd5 25. Rxd5 Nxf3 26. Qg3 Qf7 27. Rf5
Nxg1 28. Rxf7 Ne2+ 29. Kd2 Rxf7 30. Kxe2 h6 31. h5 1-0

[Event "ch-FRA Blitz Online Qual"]
[Site "Europe-Chess INT"]
[Date "2020.05.16"]
[Round "3"]
[White "Dimey-Gabert, Quentin"]
[Black "Baudouin, Simon"]
[Result "0-1"]
[WhiteElo "1758"]
[BlackElo "1926"]
[WhiteFideId "36090085"]
[BlackFideId "36051284"]
[EventDate "2020.05.16"]

1. d4 Nf6 2. c4 g6 3. Nc3 d5 4. Bf4 Bg7 5. e3 c5 6. dxc5 Qa5 7. cxd5 Nxd5 8.
Qxd5 Bxc3+ 9. bxc3 Qxc3+ 10. Ke2 Qb2+ 11. Kf3 Qxa1 12. Be5 Qxf1 13. Bxh8 Nc6 14.
h4 h5 15. Qg5 Bg4+ 16. Kg3 O-O-O 17. f3 Be6 18. Be5 f6 19. Bxf6 exf6 20. Qxf6
Qe1+ 21. Kh2 Qxe3 22. Nh3 Bxh3 23. gxh3 Qe5+ 24. Kg2 Qxf6 0-1

[Event "ch-FRA Blitz Online Qual"]
[Site "Europe-Chess INT"]
[Date "2020.05.16"]
[Round "3"]
[White "Gratton, Manolo"]
[Black "Cocogne, Ludovic"]
[Result "1/2-1/2"]
[WhiteElo "1573"]
[BlackElo "1924"]
[WhiteFideId "551089157"]
[BlackFideId "644536"]
[EventDate "2020.05.16"]

1. e4 c5 2. Nf3 d6 3. d4 cxd4 4. Nxd4 Nf6 5. Nc3 Nc6 6. Bb5 Bd7 7. O-O g6 8. f4
a6 9. Bxc6 Bxc6 10. Nxc6 bxc6 11. Be3 Bg7 12. Qd2 O-O 13. Rad1 Qc7 14. h3 h5 15.
f5 Kh7 16. Kh1 Rab8 17. b3 Rbc8 18. Bf4 Rcd8 19. Rde1 e5 20. Bg5 Rd7 21. Bxf6
Bxf6 22. Ne2 Bg7 23. Ng3 Bh6 24. Qe2 d5 25. exd5 Rxd5 26. fxg6+ fxg6 27. Rxf8
Bxf8 28. Qxa6 Bb4 29. Rf1 Bd6 30. Ne4 Rd4 31. Nxd6 Qxd6 32. Qb7+ Kh6 33. Qf7 Rf4
34. Rxf4 exf4 35. Qc4 Qd1+ 36. Kh2 Qd6 37. a4 g5 38. Kg1 Qd1+ 39. Kf2 Qd6 40.
Qe2 Qd4+ 41. Kf1 Qd6 42. Qd3 Qe6 43. Kf2 Qf6 44. Qe4 g4 45. hxg4 hxg4 46. g3 f3
47. Qxg4 Qc3 48. Qe4 Qd2+ 49. Kxf3 Qd1+ 50. Kf4 Qf1+ 51. Kg4 Qd1+ 52. Qf3 Qd7+
53. Qf5 Qg7+ 54. Kh4 Qd4+ 55. Kh3 Qg1 56. Qf6+ Kh7 57. Qxc6 Qh1+ 58. Qxh1 Kg6
59. Kg4 Kf6 60. Qc6+ Ke5 61. c3 1/2-1/2

[Event "ch-FRA Blitz Online Qual"]
[Site "Europe-Chess INT"]
[Date "2020.05.16"]
[Round "3"]
[White "Dubois, Martine"]
[Black "Deurvillier, Martial"]
[Result "1-0"]
[WhiteTitle "WIM"]
[WhiteElo "1802"]
[BlackElo "1556"]
[WhiteFideId "601926"]
[BlackFideId "26017091"]
[EventDate "2020.05.16"]

1. e4 e6 2. Nf3 d5 3. Nc3 Nf6 4. e5 Nfd7 5. d4 c5 6. dxc5 Bxc5 7. Bd3 Nc6 8. Bf4
O-O 9. O-O a6 10. Re1 Ne7 11. Bxh7+ Kxh7 12. Ng5+ Kg8 13. Qh5 Bxf2+ 14. Kxf2 Re8
15. Qxf7+ Kh8 16. Qh5+ Kg8 17. Qh7+ Kf8 18. Qh8+ Ng8 19. Nh7+ Kf7 20. Ng5+ Ke7
21. Qxg7# 1-0

[Event "ch-FRA Blitz Online Qual"]
[Site "Europe-Chess INT"]
[Date "2020.05.16"]
[Round "3"]
[White "Robine, Guillaume"]
[Black "Sesia, Noah"]
[Result "0-1"]
[WhiteElo "1571"]
[BlackElo "1822"]
[WhiteFideId "45127352"]
[BlackFideId "26066904"]
[EventDate "2020.05.16"]

1. e4 e6 2. d3 d5 3. Nf3 dxe4 4. dxe4 Qxd1+ 5. Kxd1 Bd6 6. c3 Nd7 7. Be3 Ngf6 8.
Nbd2 O-O 9. Be2 b6 10. Nd4 Bb7 11. f3 c5 12. N4b3 Rfd8 13. Kc2 Rac8 14. Rad1 Ne5
15. Bf2 a5 16. Nc4 Nxc4 17. Bxc4 Nxe4 18. fxe4 Bxe4+ 19. Bd3 Bxg2 20. Rhg1 Bf3
21. Rde1 Bxh2 22. Rg5 h6 23. Re3 hxg5 24. Rxf3 g4 25. Re3 c4 26. Nd4 cxd3+ 27.
Rxd3 Bf4 28. Nb5 Rxd3 29. Kxd3 Rc6 30. Nd4 Rd6 31. Ke4 e5 32. Nf5 Rd2 33. Bxb6
Rxb2 34. Bxa5 Rxa2 35. Bb4 g3 36. Bc5 g2 37. Kf3 g6 38. Nh6+ Bxh6 39. Be3 Bxe3 0-1

[Event "ch-FRA Blitz Online Qual"]
[Site "Europe-Chess INT"]
[Date "2020.05.16"]
[Round "3"]
[White "Robert, Yoann"]
[Black "El Barbry, Sarah"]
[Result "1-0"]
[WhiteElo "2071"]
[BlackElo "1779"]
[WhiteFideId "36018805"]
[BlackFideId "26051419"]
[EventDate "2020.05.16"]

1. b3 e6 2. Bb2 d5 3. e3 c5 4. Nf3 Nc6 5. Bb5 Bd7 6. O-O Nf6 7. d3 a6 8. Bxc6
Bxc6 9. Ne5 Bd6 10. f4 O-O 11. Rf3 d4 12. Nxc6 bxc6 13. e4 e5 14. f5 Re8 15. Rh3
Bf8 16. Bc1 a5 17. a4 Nd7 18. g4 f6 19. Na3 Ra7 20. Nc4 Nb6 21. Na3 c4 22. Nxc4
Nxc4 23. dxc4 Qb6 24. Rd3 Bb4 25. Qf3 Bc3 26. Rb1 Bb4 27. Qg3 Rf8 28. Qh4 Bc5
29. g5 fxg5 30. Bxg5 h6 31. Bd2 Qd8 32. Qg4 Qf6 33. Kh1 Raf7 34. Rh3 Kh8 35.
Bxa5 Qe7 36. Bd2 Rf6 37. b4 Bb6 38. c5 Bd8 39. Rg1 R8f7 40. Bg5 Kg8 41. Rxh6
Rxh6 42. Bxh6 Kf8 43. Bg5 Qf6 44. Bxf6 Bxf6 45. Qh5 Ra7 46. a5 Rb7 47. Qh8+ Kf7
48. Rb1 Rd7 49. Qc8 Re7 50. Qxc6 Bg5 51. Qd5+ Kf8 52. Rg1 Be3 53. Qd8+ Re8 54.
Qxe8+ Kxe8 55. Rxg7 Kf8 56. Rc7 Ke8 57. a6 Kd8 58. a7 Kxc7 59. a8=Q Kd7 60. Qd5+
Ke7 61. Qxe5+ Kf7 62. f6 d3 63. cxd3 Bxc5 64. bxc5 Kf8 65. Qe7+ Kg8 66. Qg7# 1-0

[Event "ch-FRA Blitz Online Qual"]
[Site "Europe-Chess INT"]
[Date "2020.05.16"]
[Round "3"]
[White "Gouait, Raymond"]
[Black "Eveno, Nathan"]
[Result "0-1"]
[WhiteElo "1566"]
[BlackElo "2069"]
[WhiteFideId "20621604"]
[BlackFideId "45132178"]
[EventDate "2020.05.16"]

1. d4 d5 2. c4 e6 3. Nc3 c5 4. Nf3 cxd4 5. Nxd4 e5 6. Nc2 d4 7. Ne4 f5 8. Nd2
Nf6 9. g3 Nc6 10. Bg2 Be7 11. O-O O-O 12. a3 a5 13. b3 Be6 14. Bb2 Qd7 15. Nf3
Rad8 16. Ng5 Bc5 17. Nxe6 Qxe6 18. Ne1 e4 19. f3 d3+ 20. Kh1 d2 21. Nc2 e3 22.
Bh3 Nd7 23. g4 f4 24. Kg2 g5 25. Rh1 Be7 26. Kf1 Bf6 27. Bxf6 Qxf6 28. b4 Qc3
29. b5 Nce5 30. Kg2 Nxc4 31. a4 Rc8 32. Rb1 Nb2 33. Qf1 Qxc2 0-1

[Event "ch-FRA Blitz Online Qual"]
[Site "Europe-Chess INT"]
[Date "2020.05.16"]
[Round "3"]
[White "Bonelli Maestracci, Pierre Joseph"]
[Black "Berthaut, Alexandre"]
[Result "1-0"]
[WhiteElo "1545"]
[BlackElo "1924"]
[WhiteFideId "45172870"]
[BlackFideId "26080192"]
[EventDate "2020.05.16"]

1. e4 b6 2. d4 Bb7 3. Nc3 e6 4. Nf3 Bb4 5. Bd2 Bxc3 6. Bxc3 Bxe4 7. Bd3 Nf6 8.
Bxe4 Nxe4 9. Qd3 d5 10. Nd2 c5 11. Nxe4 dxe4 12. Qxe4 Qd5 13. Qxd5 exd5 14. dxc5
bxc5 15. Bxg7 Rg8 16. Be5 Nc6 17. Bg3 h5 18. h4 Nd4 19. Kd2 O-O-O 20. Rhe1 Nf5
21. Re2 Nxg3 22. fxg3 Rxg3 23. Rf1 Rd7 24. Rf5 c4 25. Rxh5 Kb7 26. Rhe5 Kc6 27.
h5 d4 28. h6 d3 29. Rf2 Rg8 30. Ref5 Re7 31. Rf6+ Kc5 32. h7 Rh8 33. Rxf7 Re6
34. Rxa7 Rh6 35. Ra5+ Kb4 36. Re5 dxc2 37. Kxc2 R8xh7 38. a3+ Ka4 39. Rf4 Rc6
40. Ree4 Rh2 41. Rxc4+ Rxc4+ 42. Rxc4+ Kb5 43. Rg4 Kc5 44. a4 Kb6 45. b3 Ka5 46.
Kc3 Kb6 47. b4 Ka6 48. Kc4 Kb6 49. a5+ Kb7 50. Kb5 Rh5+ 51. Kc4 Ka6 52. Rg6+ Kb7
53. g4 Rh4 54. Kb5 Kc7 55. Rg7+ Kb8 56. a6 Ka8 57. g5 Rg4 58. Ka5 Kb8 59. b5 Ka8
60. Kb6 Rxg5 61. Rxg5 1-0

[Event "ch-FRA Blitz Online Qual"]
[Site "Europe-Chess INT"]
[Date "2020.05.16"]
[Round "3"]
[White "Sumarriva Paulin, Laura"]
[Black "Kloss, Alexandre"]
[Result "1-0"]
[WhiteTitle "WFM"]
[WhiteElo "2023"]
[BlackElo "1577"]
[WhiteFideId "45102635"]
[BlackFideId "36088617"]
[EventDate "2020.05.16"]

1. d4 Nf6 2. c4 c5 3. d5 b5 4. cxb5 a6 5. bxa6 Bxa6 6. Nc3 g6 7. e4 Bxf1 8. Kxf1
d6 9. g3 Bg7 10. Kg2 O-O 11. Nf3 Nbd7 12. a4 Qb6 13. Qc2 Rfb8 14. Nb5 Ra6 15.
Bd2 Qb7 16. Bc3 Nb6 17. b3 Na8 18. Rhd1 Nc7 19. Nxc7 Qxc7 20. e5 Nd7 21. exd6
exd6 22. Bxg7 Kxg7 23. Qc3+ Kg8 24. Ng5 Qb7 25. Rab1 Rb6 26. Rd3 Ne5 27. Re3
Qxd5+ 28. Kg1 Ng4 29. Ne4 Nxe3 30. Nf6+ Kg7 31. Nxd5+ Kg8 32. fxe3 1-0

[Event "ch-FRA Blitz Online Qual"]
[Site "Europe-Chess INT"]
[Date "2020.05.16"]
[Round "3"]
[White "Macqueron, Gregory"]
[Black "Auribault, Louis"]
[Result "1-0"]
[WhiteElo "1927"]
[BlackElo "1618"]
[WhiteFideId "551004240"]
[BlackFideId "45196591"]
[EventDate "2020.05.16"]

1. e4 e5 2. Bc4 Nf6 3. d4 exd4 4. Nf3 Bc5 5. c3 Nc6 6. e5 d5 7. Bb5 Ne4 8. O-O
O-O 9. cxd4 Bb6 10. Nc3 Bg4 11. Bxc6 bxc6 12. Qd3 Bxf3 13. Qxf3 Bxd4 14. Nxe4
dxe4 15. Qxe4 Re8 16. Bf4 Bxb2 17. Rab1 Ba3 18. Rfd1 Qe7 19. Qxc6 Rad8 20. Rxd8
Rxd8 21. h3 Bc5 22. a4 Bb6 23. Rb5 Qh4 24. Qf3 a5 25. Kh2 h6 26. Bg3 Qe7 27. Qc6
Rd4 28. Qa8+ Kh7 29. Qb7 Qd8 30. Qc6 Rxa4 31. Rxb6 cxb6 32. Qxa4 Qc7 33. Qb5 Qa7
34. f3 a4 35. Be1 a3 36. Bc3 a2 37. Qd3+ Kh8 38. Ba1 Qa5 39. Qd8+ Kh7 40. Qd3+
g6 41. Qb3 b5 42. Qxf7+ Kh8 43. e6+ Qc3 44. Bxc3# 1-0

[Event "ch-FRA Blitz Online Qual"]
[Site "Europe-Chess INT"]
[Date "2020.05.16"]
[Round "3"]
[White "Tomasi, Elise"]
[Black "Brasseur, Vincent"]
[Result "1-0"]
[WhiteElo "2030"]
[BlackElo "1603"]
[WhiteFideId "26088843"]
[BlackFideId "45129550"]
[EventDate "2020.05.16"]

1. d4 Nf6 2. Nf3 d5 3. g3 e6 4. Bg2 Be7 5. O-O O-O 6. c4 c6 7. Qc2 h6 8. Nbd2
Nbd7 9. e4 dxe4 10. Nxe4 Nxe4 11. Qxe4 Nf6 12. Qc2 Re8 13. Rd1 Bf8 14. b3 Rb8
15. Bb2 Qe7 16. Re1 Qd8 17. Rad1 Qa5 18. d5 exd5 19. Bxf6 Rxe1+ 20. Nxe1 gxf6
21. cxd5 cxd5 22. Bxd5 Bg4 23. Bf3 Be6 24. Nd3 Rc8 25. Qe2 Qg5 26. Nf4 Bf5 27.
h4 Qg7 28. Bxb7 Rc2 29. Qf1 Bd6 30. Ne2 Rxa2 31. Bg2 Bxg3 32. Nxg3 Be6 33. Rd8+
Kh7 34. Qd3+ f5 35. Nxf5 Bxf5 36. Qxf5+ Qg6 37. Qxg6+ Kxg6 38. Be4+ Kg7 39. Rd7
Rb2 40. Bd5 Kg6 41. Bxf7+ Kf6 42. Bc4 a5 43. Ra7 Rb1+ 44. Kg2 Re1 45. Rxa5 Re4
46. Ra6+ Kg7 47. Kg3 Rd4 48. f3 Rd8 49. Ra7+ Kf6 50. Rh7 Ke5 51. Rxh6 Ra8 52.
Rh5+ Kf6 53. Rd5 Rg8+ 54. Kf4 Rf8 55. h5 Kg7+ 56. Kg4 Kh6 57. Rd6+ Kg7 58. h6+
Kh7 59. Bd3+ Kh8 60. f4 Rg8+ 61. Kh4 Rb8 62. Bc4 Rf8 63. Kg5 Rg8+ 64. Bxg8 1-0

[Event "ch-FRA Blitz Online Qual"]
[Site "Europe-Chess INT"]
[Date "2020.05.16"]
[Round "3"]
[White "Lesueur, Gabriel"]
[Black "Daude, Alexandre"]
[Result "1-0"]
[WhiteElo "1906"]
[BlackElo "1518"]
[WhiteFideId "45186359"]
[BlackFideId "45102660"]
[EventDate "2020.05.16"]

1. e4 e6 2. d4 d5 3. Nc3 Bb4 4. e5 c5 5. a3 Bxc3+ 6. bxc3 Qc7 7. Qg4 Ne7 8. Qxg7
Rg8 9. Qxh7 cxd4 10. Ne2 dxc3 11. f4 Nbc6 12. Qd3 Bd7 13. Nxc3 O-O-O 14. Nb5 Qb6
15. Nd6+ Kb8 16. c3 Rg7 17. Rb1 Qc7 18. Rxb7+ Qxb7 19. Nxb7 Kxb7 20. Qa6+ Kb8
21. Be3 Nf5 22. Bc5 Nh4 23. Bb5 Rc8 24. Bxc6 Rxc6 25. Qxa7+ Kc8 26. Qa8+ Kc7 27.
Bd6+ Rxd6 28. exd6+ Kxd6 29. Qb8+ Ke7 30. Qb4+ Kd8 31. Qf8+ 1-0

[Event "ch-FRA Blitz Online Qual"]
[Site "Europe-Chess INT"]
[Date "2020.05.16"]
[Round "3"]
[White "De Smet, Fabrice"]
[Black "Benayoun, Omri"]
[Result "0-1"]
[WhiteElo "1520"]
[BlackElo "1901"]
[WhiteFideId "45129657"]
[BlackFideId "45113807"]
[EventDate "2020.05.16"]

1. e4 c5 2. Nc3 Nc6 3. g3 g6 4. Bg2 Bg7 5. Nge2 Rb8 6. d3 b5 7. a3 a5 8. Be3 b4
9. axb4 axb4 10. Na4 d6 11. d4 cxd4 12. Nxd4 Bd7 13. e5 Nxe5 14. O-O Nf6 15. Qe2
O-O 16. f4 Neg4 17. Bc6 Nxe3 18. Qxe3 Ng4 19. Qd2 Qc7 20. Bxd7 Qxd7 21. h3 Nf6
22. Qg2 Rfc8 23. Rfe1 e5 24. fxe5 dxe5 25. Nb3 e4 26. Rad1 Qxa4 27. Re2 Rd8 28.
Red2 Rxd2 29. Rxd2 Qa2 30. g4 h6 31. Qg3 Re8 32. h4 e3 33. Re2 Qxb2 34. g5 hxg5
35. hxg5 Nh5 36. Qf3 Qe5 0-1

[Event "ch-FRA Blitz Online Qual"]
[Site "Europe-Chess INT"]
[Date "2020.05.16"]
[Round "3"]
[White "Nineuil, Vincent"]
[Black "Hetier, Thomas"]
[Result "1-0"]
[WhiteElo "1920"]
[BlackElo "1598"]
[WhiteFideId "688380"]
[BlackFideId "45146586"]
[EventDate "2020.05.16"]

1. e4 e5 2. Nf3 Nc6 3. Bc4 Nd4 4. d3 Nxf3+ 5. Qxf3 Qf6 6. Qxf6 Nxf6 7. Nc3 c6 8.
Bg5 Be7 9. O-O O-O 10. f4 exf4 11. Bxf4 a5 12. a4 d6 13. Rae1 Be6 14. e5 dxe5
15. Bxe5 Bxc4 16. dxc4 Bc5+ 17. Kh1 Nd7 18. Bg3 Bb4 19. Re3 Bxc3 20. Rxc3 Nc5
21. Bd6 Nxa4 22. Rcf3 Rfd8 23. c5 f6 24. b3 Nb2 25. Rb1 Re8 26. Rff1 a4 27. Rxb2
a3 28. Ra2 Re2 29. h3 Kf7 30. Rfa1 Rae8 31. Rxa3 Rxc2 32. R3a2 Rc3 33. Rb2 Ree3
34. b4 Kg6 35. Ra7 Re1+ 36. Kh2 Rcc1 37. Rxb7 h5 38. h4 f5 39. Rb3 Rh1+ 40. Kg3
Rc2 41. Be5 f4+ 42. Bxf4 Rg1 43. Be5 Rgxg2+ 44. Kf4 Rgf2+ 45. Rf3 Rc4+ 46. Kg3
Rxf3+ 47. Kxf3 Rxh4 48. Bxg7 Kf5 49. Ke3 Rh3+ 50. Kd4 h4 51. Bf8 Rh1 52. Rh7 h3
53. Bd6 Ke6 54. Kc4 1-0

[Event "ch-FRA Blitz Online Qual"]
[Site "Europe-Chess INT"]
[Date "2020.05.16"]
[Round "3"]
[White "Mataigne, Jean-Michel"]
[Black "Delabre, Gaspard"]
[Result "1-0"]
[WhiteElo "1900"]
[BlackElo "1449"]
[WhiteFideId "618250"]
[BlackFideId "36076627"]
[EventDate "2020.05.16"]

1. e4 d6 2. d4 Nf6 3. Nc3 e5 4. dxe5 dxe5 5. Qxd8+ Kxd8 6. Nf3 Bd6 7. Bg5 Be6 8.
O-O-O Ke7 9. Nd5+ Bxd5 10. exd5 Nd7 11. Bb5 Rad8 12. Rhe1 h6 13. Bh4 g5 14. Bg3
e4 15. Nd4 Bxg3 16. hxg3 Nc5 17. Nf5+ Kf8 18. b4 Na6 19. a3 Nb8 20. c4 c6 21.
dxc6 Rxd1+ 22. Rxd1 Nxc6 23. Bxc6 bxc6 24. Rd6 Ng4 25. Rd8# 1-0

[Event "ch-FRA Blitz Online Qual"]
[Site "Europe-Chess INT"]
[Date "2020.05.16"]
[Round "3"]
[White "Fondrat, Johan"]
[Black "Breuil, Tristan"]
[Result "1-0"]
[WhiteElo "1509"]
[BlackElo "1898"]
[WhiteFideId "45156069"]
[BlackFideId "45163685"]
[EventDate "2020.05.16"]

1. e4 Nf6 2. e5 Nd5 3. d4 d6 4. exd6 cxd6 5. c4 Nb6 6. Nc3 g6 7. Nf3 Bg7 8. Be3
O-O 9. Be2 Nc6 10. O-O Bg4 11. Rc1 Bxf3 12. Bxf3 Nxc4 13. Qb3 Nb6 14. Bxc6 bxc6
15. Ne4 Qd7 16. Rc2 Rfc8 17. Rfc1 Rc7 18. a4 Rac8 19. Ng5 e6 20. Ne4 Nd5 21. Qa3
Bf8 22. Bg5 f5 23. Nf6+ Nxf6 24. Bxf6 Kf7 25. Bg5 h6 26. Bf4 g5 27. Bd2 c5 28.
dxc5 Rxc5 29. Rxc5 dxc5 30. Be3 Qd5 31. g3 e5 32. Qc3 f4 33. Bd2 Ke6 34. Qc2 Rd8
35. Qg6+ Kd7 36. Ba5 Re8 37. Qf5+ Qe6 38. Rd1+ Bd6 39. Qe4 fxg3 40. Qb7# 1-0

[Event "ch-FRA Blitz Online Qual"]
[Site "Europe-Chess INT"]
[Date "2020.05.16"]
[Round "3"]
[White "Delin, Valere"]
[Black "Gandreuil, Brice"]
[Result "1-0"]
[WhiteElo "2043"]
[BlackElo "1500"]
[WhiteFideId "45107254"]
[BlackFideId "36078425"]
[EventDate "2020.05.16"]

1. e4 e6 2. d4 d5 3. Nd2 Nf6 4. e5 Nfd7 5. Bd3 c5 6. c3 Nc6 7. Ne2 cxd4 8. cxd4
f6 9. Nf4 fxe5 10. Qh5+ Ke7 11. Ng6+ hxg6 12. Qxh8 e4 13. Bb5 Nxd4 14. Ba4 Qa5
15. Bd1 Ne5 16. O-O b6 17. Qh4+ Kf7 18. Qf4+ Nf5 19. Qxe5 Bd6 20. Qc3 Ba6 21.
Qxa5 bxa5 22. Re1 Rh8 23. h3 g5 24. b3 Be5 25. Rb1 Bd3 26. Rb2 Bxb2 27. Bxb2 a4
28. Be2 axb3 29. Bxd3 exd3 30. axb3 Rc8 31. Rc1 Rxc1+ 32. Bxc1 Ke7 33. Nf3 g6
34. Bxg5+ Kd6 35. Kf1 Kc5 36. Bd2 Kd6 37. Ke1 e5 38. Bb4+ Ke6 39. Kd2 e4 40. Ne1
Ke5 41. g4 Nd4 42. Bc3 g5 43. Ke3 d2 44. Bxd4+ Kd6 45. Kxd2 a5 46. Kc3 Kc6 47.
Ng2 Kb5 48. Ne3 a4 49. bxa4+ Kc6 50. a5 Kd6 51. a6 Kc6 52. a7 Kb7 53. Nxd5 Ka8
54. Nc7+ Kb7 55. a8=Q+ Kxc7 56. Qxe4 Kd6 57. Qf5 Kc7 58. Qxg5 Kb7 59. h4 Ka6 60.
Qc5 Kb7 61. Qb6+ Kc8 62. Qa7 Kd8 63. Bf6+ Ke8 64. Qe7# 1-0

[Event "ch-FRA Blitz Online Qual"]
[Site "Europe-Chess INT"]
[Date "2020.05.16"]
[Round "3"]
[White "Bellahcene, Rayane"]
[Black "Desarmaux-Do, Yanis-Huy"]
[Result "1-0"]
[WhiteElo "2046"]
[BlackElo "1803"]
[WhiteFideId "678392"]
[BlackFideId "45118299"]
[EventDate "2020.05.16"]

1. d4 Nf6 2. Nf3 e6 3. c4 Bb4+ 4. Bd2 Qe7 5. g3 O-O 6. Bg2 Bxd2+ 7. Nbxd2 d6 8.
O-O Nbd7 9. Qc2 e5 10. e4 b6 11. d5 a5 12. b3 Nc5 13. a3 a4 14. b4 Nb3 15. Rab1
Nxd2 16. Nxd2 Bd7 17. Rfc1 h6 18. c5 bxc5 19. bxc5 Rab8 20. c6 Rxb1 21. Rxb1 Bg4
22. Qxa4 Be2 23. Qa7 Bd3 24. Rb7 Ne8 25. Bf1 Bxf1 26. Nxf1 Qg5 27. Qe3 Qg4 28.
f3 Qc8 29. Qa7 Qd8 30. Qe3 Qa8 31. Ra7 Qb8 32. a4 Qb4 33. a5 Nf6 34. a6 Qb5 35.
Rxc7 Qxa6 36. Rb7 Ra8 37. Qb6 Qxb6+ 38. Rxb6 Ne8 39. Ne3 Kf8 40. Nc4 Ra1+ 41.
Kg2 Rc1 42. Na5 Rc2+ 43. Kh3 g5 44. Rb8 h5 45. Nb7 Ke7 46. Rxe8+ Kxe8 47. Nxd6+
Ke7 48. Nf5+ Kf6 49. Ne3 Rc3 50. Nd1 Rc1 51. Nb2 Rc2 52. Nd3 1-0

[Event "ch-FRA Blitz Online Qual"]
[Site "Europe-Chess INT"]
[Date "2020.05.16"]
[Round "3"]
[White "Dietrich, Antoine"]
[Black "Bosc, Gabriel"]
[Result "0-1"]
[WhiteElo "1499"]
[BlackElo "1994"]
[WhiteFideId "679879"]
[BlackFideId "26086743"]
[EventDate "2020.05.16"]

1. d4 Nf6 2. Bf4 d5 3. e3 e6 4. Bd3 c5 5. c3 Bd6 6. Bg5 Nbd7 7. Nf3 O-O 8. O-O
Qc7 9. Nbd2 b6 10. Rc1 Bb7 11. Qc2 h6 12. Bxf6 Nxf6 13. e4 c4 14. e5 Bxe5 15.
Nxe5 cxd3 16. Qxd3 a5 17. Ndf3 Ne4 18. Nd2 Nd6 19. c4 dxc4 20. Ndxc4 Nxc4 21.
Rxc4 Qd6 22. Qe3 Qd5 23. f3 Ba6 24. Rfc1 Bxc4 25. Rxc4 Rac8 26. Ra4 Rfd8 27. h3
Qb5 28. b3 Qd5 29. Nd3 b5 30. Rxa5 Qxd4 31. Qxd4 Rxd4 32. Nf2 Rc1+ 33. Kh2 Rc2
34. Ne4 f5 35. Ng3 Rdd2 36. Rxb5 Rxg2+ 37. Kh1 Rxg3 38. a4 Rxh3+ 39. Kg1 Rxf3
40. a5 Rd3 41. Kf1 Rd1# 0-1

[Event "ch-FRA Blitz Online Qual"]
[Site "Europe-Chess INT"]
[Date "2020.05.16"]
[Round "3"]
[White "Belattar, Salah-Eddine"]
[Black "Sudholt, Mario"]
[Result "1-0"]
[WhiteElo "1886"]
[BlackElo "1483"]
[WhiteFideId "9001468"]
[BlackFideId "551039877"]
[EventDate "2020.05.16"]

1. d4 f5 2. g3 Nf6 3. Bg2 e6 4. Nh3 Be7 5. c4 O-O 6. O-O Ne4 7. Nc3 Nxc3 8. bxc3
d6 9. e4 e5 10. dxe5 dxe5 11. Qxd8 Rxd8 12. exf5 Nc6 13. Ng5 Bxf5 14. Bd5+ Kf8
15. Be6 Bg6 16. Be3 h6 17. Nf3 Rd3 18. Rfd1 Rad8 19. Bd5 Bf6 20. Nh4 Rxd1+ 21.
Rxd1 Bh5 22. Rb1 Bxh4 23. gxh4 Ne7 24. Bxb7 1-0

[Event "ch-FRA Blitz Online Qual"]
[Site "Europe-Chess INT"]
[Date "2020.05.16"]
[Round "3"]
[White "De Monts, Louis"]
[Black "Buttard, Axel"]
[Result "1-0"]
[WhiteElo "1630"]
[BlackElo "1883"]
[WhiteFideId "36088781"]
[BlackFideId "36052523"]
[EventDate "2020.05.16"]

1. e4 e5 2. Nf3 Nc6 3. Bc4 Nf6 4. d4 exd4 5. O-O Nxe4 6. Re1 d5 7. Bxd5 Qxd5 8.
Nc3 Qa5 9. Nxe4 Be6 10. Neg5 O-O-O 11. Nxe6 fxe6 12. Rxe6 Be7 13. Qe1 Qxe1+ 14.
Rxe1 Bf6 15. Ng5 Rd7 16. Bd2 h6 17. Ne4 Bd8 18. Re2 Re8 19. Rae1 Rde7 20. Ng3
Kd7 21. Kf1 Rxe2 22. Rxe2 Rxe2 23. Kxe2 Ke6 24. Kd3 Bf6 25. a3 Kd5 26. Nh5 Ne5+
27. Ke2 Nf7 28. Nxf6+ gxf6 29. Kd3 Ne5+ 30. Ke2 h5 31. h3 Ke4 32. Bb4 Nc4 33. b3
Ne5 34. Be7 f5 35. Bd8 c6 36. Bc7 b5 37. f3+ Kd5 38. Kf2 c5 39. Kg3 c4 40. Kh4
d3 41. cxd3 cxd3 42. Ba5 Kd4 43. Kxh5 Ke3 44. Kg5 d2 45. Bxd2+ Kxd2 46. Kxf5 Nd3
47. h4 Nf2 48. h5 Nd3 49. h6 Nc5 50. h7 Nxb3 51. h8=Q Kc2 52. Qc8+ Kb2 53. Qf8
Ka2 54. g4 1-0